Ampurias : guía de las excavaciones / por Martín Almagro... guía de las excavaciones / por Martín Almagro...
Publicado:
Barcelona :
Diputación Provincial de Barcelona, Servicio de Investigaciones Arqueológicas ,
1943
Descripción Física:
80 p. : il., 2 map. plegs., [28] p. de làm. ; 17 cm
Materias:
Empúries (Ciutat antiga) -- Guies
MARC
| LEADER | 00000nam a2200000Ia 4500 | ||
|---|---|---|---|
| 001 | 11419 | ||
| 008 | 160829s1943 xx 000 0 cat d | ||
| 080 | |a H-1-233 | ||
| 100 | 1 | |a Almagro Basch, Martín, |d 1911-1984 |9 23626 | |
| 245 | |a Ampurias : |b guía de las excavaciones / por Martín Almagro... | ||
| 260 | |a Barcelona : |b Diputación Provincial de Barcelona, Servicio de Investigaciones Arqueológicas, |c 1943 | ||
| 300 | |a 80 p. : |b il., 2 map. plegs., [28] p. de làm. ; |c 17 cm | ||
| 651 | 0 | |a Empúries (Ciutat antiga) |v Guies |9 54668 | |
| 651 | 0 | |a Empúries (Ciutat antiga) |v Guies |9 54668 | |
| 710 | 1 | |9 54957 |a Barcelona (Catalunya : Província). |b Servicio de Investigaciones Arqueológicas |e entitat editora | |
| 901 | |a Arxiu | ||
| 942 | |n 1 |2 udc | ||
| 952 | |0 0 |1 0 |4 0 |6 H1233 |7 1 |9 45737 |a Arxiu |b Arxiu |d 2016-12-01 |l 0 |o H-1-233 |p 11419 |r 2016-12-01 00:00:00 |w 2016-12-01 |y ARXIU | ||
| 999 | |c 49237 |d 49237 | ||